Tensor calculus with object oriented matrices for numerical methods in mechanics and engineering: (Record no. 755002)
[ view plain ]
| 000 -LEADER | |
|---|---|
| fixed length control field | 00525nam a22001457a 4500 |
| 020 ## - INTERNATIONAL STANDARD BOOK NUMBER | |
| ISBN | 9783031593017 |
| 100 ## - MAIN ENTRY--AUTHOR NAME | |
| Personal name | Meissner, Udo F |
| 245 ## - TITLE STATEMENT | |
| Title | Tensor calculus with object oriented matrices for numerical methods in mechanics and engineering: |
| Sub Title | fundamentals and functions for tensor/matrix algorithms of the finite element method |
| 260 ## - PUBLICATION, DISTRIBUTION, ETC. (IMPRINT) | |
| Place of publication | Switzerland |
| Name of publisher | Springer |
| Year of publication | 2025 |
| 300 ## - PHYSICAL DESCRIPTION | |
| Number of Pages | x+234 |
| 650 ## - SUBJECT ADDED ENTRY--TOPICAL TERM | |
| Topical Term | Numerical Algorithms |
| 650 ## - SUBJECT ADDED ENTRY--TOPICAL TERM | |
| Topical Term | Software design |
| 942 ## - ADDED ENTRY ELEMENTS (KOHA) | |
| Source of classification or shelving scheme | Dewey Decimal Classification |
| Koha item type | Book |
| Withdrawn status | Lost status | Source of classification or shelving scheme | Damaged status | Not for loan | Collection code | Home Library | Current Location | Shelving location | Date acquired | Source of acquisition | Cost, normal purchase price | Full call number | Accession Number | Price effective from | Koha item type |
|---|---|---|---|---|---|---|---|---|---|---|---|---|---|---|---|
| Dewey Decimal Classification | Gift or donation | Dept. of Mathematics | Dept. of Mathematics | General Stacks | 08/01/2026 | Donated by Dr. Krishna Kumar G on the completion of SERB sponsored project (UO. No: Ad.F1/1373/2021 dated 22/01/2024) | 7921.07 | 515.63 MEI-T | MATG241 | 13/01/2026 | Book |
